000 00923nam a22003017a 4500
003 CHAP
005 20220329134342.0
008 971013s1984 r 00010 d
010 _a19193
011 _a20165
035 _a24253
040 _cCHAP
090 _aFolleto 9468
100 0 0 _aAmaral, Carlos.
_95101
245 _aPlaneamiento da investigacao agraria nos EUA
260 _aLisboa :
_bInstituto Nacional de Investigacao Agraria e de Extensao Rural,
_c1984
300 _a61 p
490 _aDivulgacao
_v; 26
590 _aBATCH-UPD
_b10
_c20130110
_lUCH01
_h2138
590 _aBATCH-UPD
_b10
_c20130410
_lUCH01
_h1447
590 _aCONVERSION
_b10
_c20130109
_lUCH01
_h1312
650 1 4 _aAgricultura
_xE.U.A.
_91408
650 1 4 _aAgricultura
_xInvestigacion
_zE.U.A.
_91699
830 0 _aDivulgacao
_v; 26
_933036
901 _aBK
942 _cFOLL
949 _aFolleto 9468
_bBC
_cFOLL
_d-55978
_eTS1
_i24253
_mD
_si
999 _c19193
_d19193